Social efficiency : a concise introduction to welfare economics /

Bibliographic Details
Main Author: Bohm, Peter, 1935-
Format: Book
Language:English
Published: New York : Wiley, 1973.
Subjects:
Classic Catalogue: View this record in Classic Catalogue
LEADER 01054nam a2200265 a 4500
001 0004714
003 BD-DhAAL
008 091125s1973 nyua b 001 0 eng d
010 |a  73009379  
020 |a 0470086351 
020 |a 047008636X 
040 |a DLC  |c DLC  |d DLC  |d BD-DhAAL 
082 0 0 |a 330.155  |2 23 
100 1 |a Bohm, Peter,  |d 1935-  |9 58983 
245 1 0 |a Social efficiency :  |b a concise introduction to welfare economics /  |c Peter Bohm. 
260 |a New York :  |b Wiley,  |c 1973. 
300 |a xvi, 150 pages :  |b illustrations ;  |c 22 cm 
500 |a "A Halsted Press book." 
504 |a Includes Bibliography (p. 146-148.) and index. 
541 1 |e 0004714 
650 0 |a Welfare economics. 
852 4 |a Ayesha Abed Library  |c General Stacks 
942 |2 ddc  |c BK 
999 |c 5949  |d 5949 
952 |0 0  |1 0  |2 ddc  |4 0  |6 330_155000000000000_BOH  |7 0  |9 5934  |a BRACUL  |b BRACUL  |c GEN  |d 2009-12-06  |g 0.00  |l 0  |o 330.155 BOH  |p 3010004714  |r 2009-12-06  |t 1  |w 2009-12-06  |y BK  |z Not price in Register  |x No price found in the accession register ; Previously missing book recovered on 10 August 2025